| 000 -LEADER |
| fixed length control field |
00990cam a2200301 a 4500 |
| 001 - CONTROL NUMBER |
| control field |
(Sirsi) a947289 |
| 003 - CONTROL NUMBER IDENTIFIER |
| control field |
OSt |
| 005 - DATE AND TIME OF LATEST TRANSACTION |
| control field |
20190726110629.0 |
| 008 - FIXED-LENGTH DATA ELEMENTS--GENERAL INFORMATION |
| fixed length control field |
120215s2014 nyu d b 001 1 eng |
| 020 ## - INTERNATIONAL STANDARD BOOK NUMBER |
| International Standard Book Number |
9780061730955 |
| Qualifying information |
(pbk.) : |
| 040 ## - CATALOGING SOURCE |
| Original cataloging agency |
NFN |
| Language of cataloging |
eng |
| Transcribing agency |
TAE |
| 042 ## - AUTHENTICATION CODE |
| Authentication code |
nbic |
| 082 0# - DEWEY DECIMAL CLASSIFICATION NUMBER |
| Classification number |
FIC MCC |
| 100 1# - MAIN ENTRY--PERSONAL NAME |
| Personal name |
McCormick, Patricia, |
| Dates associated with a name |
1956- |
| Relator term |
author |
| 245 10 - TITLE STATEMENT |
| Title |
Never fall down : |
| Remainder of title |
a novel / |
| Statement of responsibility, etc. |
Patricia McCormick. |
| 250 ## - EDITION STATEMENT |
| Edition statement |
First paperback edition. |
| 260 ## - PUBLICATION, DISTRIBUTION, ETC. |
| Place of publication, distribution, etc. |
New York : |
| Name of publisher, distributor, etc. |
Balzer + Bray, |
| Date of publication, distribution, etc. |
2014. |
| 300 ## - PHYSICAL DESCRIPTION |
| Extent |
216 p. ; |
| Dimensions |
21 cm. |
| 500 ## - GENERAL NOTE |
| General note |
"This is a work of fiction based on a true story."--. Copyright p. |
| 501 ## - WITH NOTE |
| With note |
National book award finalist |
| 504 ## - BIBLIOGRAPHY, ETC. NOTE |
| Bibliography, etc. note |
Includes bibliographical references and index. |
| 521 1# - TARGET AUDIENCE NOTE |
| Target audience note |
13-18. |
| 610 20 - SUBJECT ADDED ENTRY--CORPORATE NAME |
| Corporate name or jurisdiction name as entry element |
Party of Democratic Kampuchea |
| Form subdivision |
Juvenile fiction. |
| 650 #0 - SUBJECT ADDED ENTRY--TOPICAL TERM |
| Topical term or geographic name entry element |
Soldiers |
| Form subdivision |
Juvenile fiction. |
| 650 #0 - SUBJECT ADDED ENTRY--TOPICAL TERM |
| Topical term or geographic name entry element |
Genocide |
| Form subdivision |
Juvenile fiction. |
| 651 #0 - SUBJECT ADDED ENTRY--GEOGRAPHIC NAME |
| Geographic name |
Cambodia |
| General subdivision |
History |
| Chronological subdivision |
1975-1979 |
| Form subdivision |
Juvenile fiction. |
| 942 ## - ADDED ENTRY ELEMENTS (KOHA) |
| Source of classification or shelving scheme |
|
| Koha item type |
Books - Fiction |